| 000 | 00923nam a2200253 a 4500 | ||
|---|---|---|---|
| 001 | 1509 | ||
| 003 | BR-CuiBMT | ||
| 005 | 20231213003458.0 | ||
| 008 | 230830s2023 spba 001 0 por d | ||
| 020 | _a9786526002315 | ||
| 040 |
_aBR-CuiBMT _cBR-CuiBMT |
||
| 080 |
_a351.712.2.02 _22007 |
||
| 090 |
_a351.712.2.02 _bJ96c |
||
| 100 | 1 |
_aJusten Filho, Marçal, _d1955- |
|
| 245 | 0 | 0 |
_aComentários à lei de licitações e contratações administrativas : _batualizado de acordo com a MP 1.167/2023 : nova Lei 14.133/2021 / _cMarçal Justen Filho. |
| 250 | _a2. ed., rev., atual. e ampl. | ||
| 260 |
_aSão Paulo : _bRevista dos Tribunais, _c2023. |
||
| 300 |
_a1869 p. : _bil. ; _c25 cm |
||
| 504 | _aInclui bibliografia. | ||
| 650 |
_aDireito administrativo _xLicitações _zBrasil |
||
| 650 |
_aLicitação _xLegislação _xAnálise _zBrasil |
||
| 650 |
_aContratação pública _xNormas de controle |
||
| 942 |
_2udc _cLV |
||
| 999 |
_c1509 _d1509 |
||